Bách khoa khoa học = Encyclopedia of science

Sách cung cấp những phương cách mà các nhà khoa học qua đó hiểu biết về thế giới chúng ta đang sống như đặc tính của nước, không khí, sức nóng, ánh sáng, âm thanh...và những ứng dụng của chúng trong kỹ thuật. Sau đó là phần khảo sát về đọ...

Szczegółowa specyfikacja

Zapisane w:
Opis bibliograficzny
1. autor: Phạm Cao Hoàn
Format: Książka
Język:Undetermined
Wydane: Hà Nội Phụ nữ 1997
Hasła przedmiotowe:
Etykiety: Dodaj etykietę
Nie ma etykietki, Dołącz pierwszą etykiete!
Thư viện lưu trữ: Trung tâm Học liệu Trường Đại học Cần Thơ
LEADER 01265nam a2200193Ia 4500
001 CTU_17688
008 210402s9999 xx 000 0 und d
082 |a 503 
082 |b B102 
100 |a Phạm Cao Hoàn 
245 0 |a Bách khoa khoa học 
245 0 |b = Encyclopedia of science 
245 0 |c Phạm Cao Hoàn 
260 |a Hà Nội 
260 |b Phụ nữ 
260 |c 1997 
520 |a Sách cung cấp những phương cách mà các nhà khoa học qua đó hiểu biết về thế giới chúng ta đang sống như đặc tính của nước, không khí, sức nóng, ánh sáng, âm thanh...và những ứng dụng của chúng trong kỹ thuật. Sau đó là phần khảo sát về động lực, điện lực, từ lực và những phương thứ tác động của chúngSách còn cung cấp những nghiên cứu về thế giới sinh vật, từ cây trồng cho đến các loại côn trùng và động vật có vú. Sách còn có hình ảnh minh họa sắp xếp trình bày khá rõ ràng 
650 |a science - encyclopedias 
980 |a Trung tâm Học liệu Trường Đại học Cần Thơ